00505nam a2200193 a 4500001001300000003000900013005001700022008004100039020001000080082001600090100002400106245002800130260003200158300000900190500003500199505001300234650004000247700002400287nice12345678IN_TiNIC20260116012230.0050524s1997 teha grp 000 0 eng  ac10000a297.55bMAT aMatthews, Anis Daud aGuide for Hajj and Umra aTehranbNo Publisher c1997 a247p aincludes index and biblioraphy2 aAppendix aMuslim Pilgrims and Pilgrimages-Sau1 aMatthews, Anis Daud